| 000 | 00855pam a2200265 a 4500 | ||
|---|---|---|---|
| 999 |
_c2803 _d2803 |
||
| 003 | OSt | ||
| 005 | 20210721091452.0 | ||
| 008 | 881208s1989 pauaf b 001 0 eng c | ||
| 020 | _a0803681011 | ||
| 040 | _cDLC | ||
| 050 | 0 | 0 |
_aRB53 _b.S87 1985 |
| 060 | _aQY 18 S897u | ||
| 100 | 1 | _aStrasinger, Susan King. | |
| 245 | 1 | 0 |
_aUrinalysis and body fluids : _ba self-instructional text / _cSusan King Strasinger |
| 260 |
_aPhiladelphia : _bDavis, _cc1985. |
||
| 300 |
_axvi, 217p. : _bill. ; _c28 cm. |
||
| 504 | _aIncludes bibliographies and index. | ||
| 650 | 0 |
_aUrine _xAnalysis. |
|
| 650 | 0 |
_aBody fluids _xAnalysis. |
|
| 650 | 0 | _aDiagnosis, Laboratory. | |
| 650 | 2 |
_aBody Fluids _xanalysis _xprogrammed instruction. |
|
| 650 | 2 |
_aUrine _xanalysis _xprogrammed instruction. |
|
| 906 |
_a7 _bcbc _corignew _d1 _eocip _f19 _gy-gencatlg |
||
| 942 |
_2lcc _cBK _nSO |
||